| 000 | 00420nam a2200169Ia 4500 | ||
|---|---|---|---|
| 005 | 20230720131802.0 | ||
| 008 | 230720b |||||||| |||| 00| 0 eng d | ||
| 082 |
_a629.892 _bCRA |
||
| 100 | _aJohn J.Craig | ||
| 245 | _aIntroduction to Robotics Mechanics and Control | ||
| 250 | _a1st | ||
| 260 |
_aNew Delhi _bPearson _c2003 |
||
| 300 | _a450 | ||
| 500 | _aQuantity - 2 | ||
| 650 | _aElectronics | ||
| 942 | _cBK | ||
| 999 |
_c14962 _d14962 |
||